000
00285nam a2200121Ia 4500
008
191201s2007 xx 000 0 und d
100
_a
EDERSHEIM, E H
245
4
_a
The Definitive Drucker
260
_a
N.Delhi
_b
TMH
_c
2007
300
_a
288
650
_a
General Books
942
_2
ddc
_c
BK
999
_c
3323
_d
3323